00789nam a22001692 4500001001100000005001700011008004100028020002800069040001500097050002200112110006600134245019700200260007700397300002500474650005900499710006100558000000202220151217151837.0070330s xx 000 0 eng d a9211311896 :cKES 2,150 aKABUcKABU 0aHD7391b.U55 19912 aUnited Nations.bCommission on Human Settlements.@000015120810aShelter for today and tomorrow :benabling the sustainable development of appropriate shelter and human settlement : the work of the Commission on Human Settlements and its thirteenth session. aNairobi :bUnited Nations Centre for Human Settlements (Habitat),c1991. avi, 603 p. ;c21 cm. 0aHousingzDeveloping countriesxCongresses.@00001512092 aUnited Nations Centre for Human Settlements.@0000151084